000 00359nam a22001457a 4500
999 _c257936
_d257935
003 OSt
005 20191106120242.0
008 191106b xxu||||| |||| 00| 0 eng d
020 _a9780674980433
040 _cN/A
100 _aChristopher Shackle
245 _aShah Abdul Latif Risalo
260 _aIndia
_bHarvard University Press
_c2018
942 _2lcc
_cBK